[Event "34th WCh U20 Girls"]
[Site "Bhubaneswar IND"]
[Date "2016.08.13"]
[Round "6.19"]
[White "Sapale, Saloni"]
[Black "Varshini, Velavan"]
[Result "0-1"]
[WhiteElo "2080"]
[BlackElo "2129"]
[EventDate "2016.08.08"]
[PlyCount "68"]

1.e4 c5 2.Nf3 d6 3.d4 cxd4 4.Nxd4 Nf6 5.Nc3 a6 6.Be3 e6 7.f3 Qc7 8.Qd2 Be7
9.O-O-O b5 10.g4 Bb7 11.Kb1 Nc6 12.Nxc6 Bxc6 13.Bd3 b4 14.Ne2 d5 15.e5 Nd7
16.Bf4 Nxe5 17.Nd4 Bd7 18.Rhe1 f6 19.g5 Bd6 20.gxf6 gxf6 21.Bh6 Kf7 22.Rg1
Rag8 23.f4 Nxd3 24.Rxg8 Rxg8 25.Qxd3 f5 26.Bg5 Bxf4 27.Bxf4 Qxf4 28.Rf1 
Qe4 29.Qd1 Rg2 30.Re1 Qf4 31.Qh5+ Kg7 32.Nf3 Qg4 33.Qxg4+ fxg4 34.Ne5 Bb5 
0-1

[Event "34th WCh U20 Girls"]
[Site "Bhubaneswar IND"]
[Date "2016.08.13"]
[Round "6.20"]
[White "Yanjinlkham, Bayarsaikhan"]
[Black "Hiebler, Laura"]
[Result "1-0"]
[WhiteElo "1990"]
[BlackElo "2110"]
[EventDate "2016.08.08"]
[PlyCount "89"]

1.d4 Nf6 2.c4 e6 3.g3 d5 4.Nf3 Bb4+ 5.Bd2 Bd6 6.Nc3 c6 7.Qb3 Nbd7 8.Bg2 
O-O 9.O-O Rb8 10.Rad1 Qe7 11.Rfe1 dxc4 12.Qxc4 b5 13.Qd3 Nb6 14.e4 Bc7 15.
e5 Nfd5 16.Ng5 g6 17.Nge4 Bd8 18.Bh6 Re8 19.Nxd5 Nxd5 20.Nd6 Ba5 21.Bxd5 
cxd5 22.Nxe8 Qxe8 23.Re2 Bd7 24.Rc2 Qe7 25.Qf3 Bd8 26.h4 b4 27.b3 a5 28.
Bg5 Qe8 29.Bxd8 Qxd8 30.Qf6 Qxf6 31.exf6 Kf8 32.Rdc1 Ke8 33.Rc7 Ra8 34.Rb7
Kd8 35.Rcc7 Bc8 36.Ra7 Rxa7 37.Rxa7 Bd7 38.Rxa5 Kc7 39.Ra8 Bc8 40.Ra4 Kd6 
41.f4 Bd7 42.Rxb4 Kc6 43.a4 Kc7 44.a5 Bc6 45.a6 1-0

[Event "34th WCh U20 Girls"]
[Site "Bhubaneswar IND"]
[Date "2016.08.13"]
[Round "6.21"]
[White "Du Yuxin"]
[Black "Divya Lakshmi, R."]
[Result "1-0"]
[WhiteElo "1957"]
[BlackElo "1864"]
[EventDate "2016.08.08"]
[PlyCount "89"]

1.e4 c5 2.Nf3 d6 3.d4 cxd4 4.Qxd4 a6 5.Be3 Nc6 6.Qd2 Nf6 7.Nc3 e6 8.O-O-O 
Be7 9.Bf4 e5 10.Bg5 Be6 11.Bxf6 gxf6 12.Nd5 Bf8 13.Kb1 b5 14.Nh4 Rc8 15.c3
Na5 16.Qe3 Nc4 17.Bxc4 Rxc4 18.Qf3 Be7 19.Nf5 Bxd5 20.Rxd5 Qb6 21.Rhd1 Rc6
22.Ne3 b4 23.g3 Rg8 24.c4 Rh8 25.Qh5 Qd8 26.Qh6 Rf8 27.Qxh7 Kd7 28.h4 Kc7 
29.h5 Qe8 30.Qf5 Rg8 31.g4 Kb7 32.b3 Ka7 33.Qf3 Rg5 34.Nf5 Qf8 35.Qe3+ Ka8
36.f3 Rg8 37.Qd2 Kb7 38.Qxb4+ Kc7 39.Qa5+ Kd7 40.c5 Qb8 41.Nxd6 Ke6 42.Qa4
Qc7 43.Qc4 Bxd6 44.Rxd6+ Ke7 45.Qd5 1-0

[Event "34th WCh U20 Girls"]
[Site "Bhubaneswar IND"]
[Date "2016.08.13"]
[Round "6.22"]
[White "Vantika, Agrawal"]
[Black "Priyanka, Nutakki"]
[Result "0-1"]
[WhiteElo "1974"]
[BlackElo "2234"]
[EventDate "2016.08.08"]
[PlyCount "106"]

1.d4 Nf6 2.Nf3 e6 3.g3 b5 4.Bg2 Bb7 5.O-O Be7 6.a4 b4 7.c4 O-O 8.a5 Na6 9.
Nbd2 c5 10.Nb3 Rc8 11.d5 exd5 12.Nh4 d6 13.Nf5 Nc7 14.Bg5 h6 15.Bf4 Ba8 
16.Qc1 Ne6 17.cxd5 Nxd5 18.Rd1 Ndxf4 19.gxf4 Bxg2 20.Kxg2 Rc6 21.Qe3 Bf6 
22.Qf3 Ra6 23.e4 Qb8 24.Rd2 c4 25.Nbd4 Nc5 26.Rad1 Re8 27.Nc6 Rxc6 28.e5 
dxe5 29.Qxc6 Nd3 30.Qxc4 Nxf4+ 31.Kg1 Qb7 32.Ne3 Nh3+ 33.Kf1 Qh1+ 34.Ke2 
Qxh2 35.Rf1 Qf4 36.Qc6 Rf8 37.Qg2 Qh4 38.Kd1 Nf4 39.Qg3 Qh5+ 40.f3 Bg5 41.
Qg4 Qg6 42.Qf5 Qa6 43.Rh1 Qxa5 44.Ke1 Ne6 45.f4 Bxf4 46.Qe4 Ng5 47.Qd3 
Nf3+ 48.Ke2 Nxd2 49.Nd5 Rd8 50.Nf6+ gxf6 51.Rg1+ Bg5 52.Qf5 Qa6+ 53.Kf2 
Qd3 0-1

[Event "34th WCh U20 Girls"]
[Site "Bhubaneswar IND"]
[Date "2016.08.13"]
[Round "6.23"]
[White "Mendoza, Shania Mae"]
[Black "Kakulidis, Ellen"]
[Result "1-0"]
[WhiteElo "2191"]
[BlackElo "1989"]
[EventDate "2016.08.08"]
[PlyCount "47"]

1.e4 e6 2.d4 d5 3.Nc3 dxe4 4.Nxe4 Nd7 5.Nf3 Ngf6 6.Bd3 c5 7.O-O cxd4 8.
Nxd4 Nxe4 9.Bxe4 Nf6 10.Bd3 Be7 11.b3 O-O 12.Bb2 Qb6 13.Qe2 Re8 14.Nf3 Qc7
15.Rad1 Bd6 16.Bxf6 gxf6 17.Bxh7+ Kxh7 18.Qd3+ Kg7 19.Qxd6 Qxc2 20.Rd3 Qc6
21.Qg3+ Kf8 22.Rfd1 b6 23.Qf4 Ke7 24.Rc1 1-0

[Event "34th WCh U20 Girls"]
[Site "Bhubaneswar IND"]
[Date "2016.08.13"]
[Round "6.24"]
[White "Omurbekova, Diana"]
[Black "Choladze, Mariami"]
[Result "0-1"]
[WhiteElo "1886"]
[BlackElo "2077"]
[EventDate "2016.08.08"]
[PlyCount "86"]

1.Nf3 Nf6 2.g3 b5 3.Bg2 Bb7 4.b3 e6 5.Bb2 c5 6.d3 d5 7.Nbd2 Nbd7 8.O-O d4 
9.e3 dxe3 10.fxe3 Be7 11.e4 O-O 12.Qe2 Qc7 13.Rfe1 Rfd8 14.Bh3 Nb6 15.Ne5 
c4 16.Ndf3 Bd6 17.Bd4 Bc5 18.Bf2 Bb4 19.g4 Bxe1 20.Rxe1 cxd3 21.cxd3 Rac8 
22.g5 Nfd7 23.Nxf7 Kxf7 24.Nd4 Nf8 25.Nxb5 Qe5 26.Nxa7 Qxg5+ 27.Kh1 Nd5 
28.Nxc8 Nf4 29.Qf3 Bxc8 30.Be3 e5 31.Bxc8 Rxc8 32.d4 Kg8 33.dxe5 N8e6 34.
Rc1 Rf8 35.Rc6 Qxe5 36.Rc4 Qa1+ 37.Rc1 Qxa2 38.Qg4 Qxb3 39.Bxf4 Nxf4 40.
Rf1 Qe3 41.Qf3 Qxf3+ 42.Rxf3 Ne6 43.Rxf8+ Kxf8 0-1

[Event "34th WCh U20 Girls"]
[Site "Bhubaneswar IND"]
[Date "2016.08.13"]
[Round "6.25"]
[White "Thomas, Anysia"]
[Black "Ayinala, Shree"]
[Result "1/2-1/2"]
[WhiteElo "2049"]
[BlackElo "1464"]
[EventDate "2016.08.08"]
[PlyCount "88"]

1.d4 Nf6 2.c4 g6 3.Nc3 Bg7 4.e4 d6 5.Bd3 O-O 6.Nge2 e5 7.d5 a5 8.O-O Na6 
9.a3 Nc5 10.Bc2 h6 11.Rb1 Nh5 12.b4 axb4 13.axb4 Nd7 14.Ng3 Nxg3 15.fxg3 
b6 16.Be3 Nf6 17.Qc1 Kh7 18.Bd3 Qe7 19.c5 bxc5 20.bxc5 Ng4 21.cxd6 Qxd6 
22.Nb5 Qd7 23.Nxc7 Nxe3 24.Nxa8 Nxf1 25.Bxf1 Qa7+ 26.Nb6 Ba6 27.Qa3 Ra8 
28.Qxa6 Qxa6 29.Bxa6 Rxa6 30.d6 Bf8 31.d7 Bc5+ 32.Kf1 Rxb6 33.d8=Q Rxb1+ 
34.Ke2 Kg7 35.Kf3 Rf1+ 36.Kg4 Bd4 37.Kh3 Rh1 38.Qc7 Re1 39.Qb7 Rh1 40.Qd5 
Re1 41.Qa8 Rh1 42.Qa5 Ra1 43.Qd5 Re1 44.Qb7 Rh1 1/2-1/2

[Event "34th WCh U20 Girls"]
[Site "Bhubaneswar IND"]
[Date "2016.08.13"]
[Round "6.26"]
[White "Barbier, Astrid"]
[Black "Hoare, Amy"]
[Result "0-1"]
[WhiteElo "1853"]
[BlackElo "2017"]
[EventDate "2016.08.08"]
[PlyCount "118"]

1.e4 e5 2.Nf3 Nc6 3.Bb5 a6 4.Ba4 Nf6 5.d3 Bc5 6.c3 d6 7.O-O b5 8.Bc2 O-O 
9.Nbd2 Bb6 10.h3 Ne7 11.Re1 Ng6 12.Nf1 h6 13.Ng3 Re8 14.Be3 c5 15.c4 Be6 
16.Qc1 Ba5 17.Rf1 Qd7 18.Bd1 Reb8 19.Kh2 bxc4 20.dxc4 Qb7 21.b3 Nxe4 22.
Bxh6 Nxg3 23.fxg3 e4 24.Bd2 Bxd2 25.Nxd2 f5 26.Qc3 Qe7 27.Bc2 Ne5 28.Rae1 
Rf8 29.Rf2 Rf6 30.Nf1 Raf8 31.Ne3 Rh6 32.Kg1 Qg5 33.Nd5 Bxd5 34.cxd5 Nd3 
35.Bxd3 Qxg3 36.Kf1 Rg6 37.Qd2 exd3 38.Qf4 d2 39.Qxd2 Qh2 40.Qe3 f4 41.Qe4
Rg5 42.Qe6+ Kh7 43.Re4 Qh1+ 44.Ke2 Rxg2 45.Rxg2 Qxg2+ 46.Ke1 Rf6 47.Qe7 
Qxh3 48.Re6 Qc3+ 49.Kf2 Qd4+ 50.Kf1 Qa1+ 51.Kf2 Qxa2+ 52.Kf1 Qb1+ 53.Kf2 
Qc2+ 54.Kf1 Qd3+ 55.Kf2 Qg3+ 56.Kf1 Rf5 57.Rxd6 f3 58.Qe4 Qg2+ 59.Ke1 f2+ 
0-1

[Event "34th WCh U20 Girls"]
[Site "Bhubaneswar IND"]
[Date "2016.08.13"]
[Round "6.27"]
[White "Albekova, Dilyara"]
[Black "Gomez Barrera, Javiera Belen"]
[Result "0-1"]
[WhiteElo "1732"]
[BlackElo "2055"]
[EventDate "2016.08.08"]
[PlyCount "96"]

1.e4 e5 2.Nc3 Nf6 3.Bc4 Bc5 4.d3 d6 5.Na4 Bb6 6.Nxb6 axb6 7.f4 Nc6 8.Nf3 
exf4 9.Bxf4 Na5 10.O-O Nxc4 11.dxc4 O-O 12.Bg5 h6 13.Bh4 Ra5 14.Nd4 g5 15.
Qf3 Ng4 16.Be1 Rc5 17.b3 Qe7 18.h3 Ne5 19.Qh5 Ng6 20.Qf3 Re5 21.Nf5 Bxf5 
22.exf5 Nf4 23.Bc3 Re3 24.Bf6 Qe8 25.Qg4 Rg3 26.Rae1 Rxg4 27.Rxe8 Rxg2+ 
28.Kh1 Rxe8 29.Rxf4 gxf4 30.Kxg2 Re2+ 31.Kf3 Rxc2 32.Bd8 c6 33.Bxb6 Rxa2 
34.Bc7 Rb2 35.Bxd6 Rxb3+ 36.Kxf4 Rxh3 37.c5 f6 38.Kg4 Rh1 39.Kg3 Rd1 40.
Kg4 Kf7 41.Kh5 b5 42.Bf4 Rd5 43.Bd6 Rxf5+ 44.Kxh6 Rd5 45.Bf4 Rd4 46.Bg3 
Rg4 47.Bf2 Rg2 48.Bh4 Rh2 0-1

[Event "34th WCh U20 Girls"]
[Site "Bhubaneswar IND"]
[Date "2016.08.13"]
[Round "6.28"]
[White "Gamage, Nethmi Nirasha"]
[Black "Minaud, Emily"]
[Result "1-0"]
[WhiteElo "1559"]
[BlackElo "1721"]
[EventDate "2016.08.08"]
[PlyCount "67"]

1.d4 Nf6 2.c4 e6 3.Nf3 b6 4.g3 Bb7 5.Bg2 Be7 6.O-O O-O 7.Nc3 d6 8.Re1 Nbd7
9.e4 e5 10.d5 c5 11.a3 a6 12.Nh4 g6 13.f4 exf4 14.Bxf4 Nh5 15.Bh6 Re8 16.
Nf3 Bf6 17.Qd2 Ne5 18.Nxe5 Bxe5 19.Bf3 Nf6 20.Bf4 Bd4+ 21.Kg2 Bc8 22.h3 
Qd7 23.Rh1 Bxc3 24.Qxc3 Nxe4 25.Qd3 Qf5 26.Rae1 Nf6 27.Qxf5 Bxf5 28.Bxd6 
Ne4 29.Bc7 b5 30.g4 Nd2 31.gxf5 Nxc4 32.d6 Ne3+ 33.Rxe3 Rxe3 34.Bxa8 1-0

[Event "34th WCh U20 Girls"]
[Site "Bhubaneswar IND"]
[Date "2016.08.14"]
[Round "7.1"]
[White "Priyanka, K."]
[Black "Frayna, Janelle Mae"]
[Result "0-1"]
[WhiteElo "2048"]
[BlackElo "2292"]
[EventDate "2016.08.08"]
[PlyCount "74"]

1.e4 e6 2.d4 d5 3.Nc3 Bb4 4.e5 c5 5.Bd2 Nh6 6.a3 Bxc3 7.Bxc3 b6 8.b4 Qc7 
9.Nf3 Nf5 10.bxc5 bxc5 11.dxc5 Nd7 12.Bb5 Qxc5 13.Qd3 a6 14.Ba4 a5 15.Nd4 
Ba6 16.Qd2 Nxd4 17.Bxd4 Qc7 18.Qc3 Bc4 19.f4 O-O 20.Bxd7 Qxd7 21.Kf2 Rfc8 
22.Qd2 Bb5 23.Rhb1 Ba4 24.c3 Rab8 25.Qc1 Bb3 26.Rb2 Rb5 27.a4 Rb7 28.Ra3 
Bc4 29.Ra1 Bd3 30.Ke3 Be4 31.Raa2 Rcb8 32.Rxb7 Qxb7 33.Qa3 Qb1 34.Re2 Bd3 
35.Rd2 Qe1+ 36.Kf3 Be4+ 37.Kg4 Qxd2 0-1

[Event "34th WCh U20 Girls"]
[Site "Bhubaneswar IND"]
[Date "2016.08.14"]
[Round "7.2"]
[White "Dordzhieva, Dinara"]
[Black "Rodriguez Rueda, Paula Andrea"]
[Result "1-0"]
[WhiteElo "2304"]
[BlackElo "2321"]
[EventDate "2016.08.08"]
[PlyCount "79"]

1.Nf3 Nf6 2.g3 e6 3.Bg2 d5 4.O-O Be7 5.c4 O-O 6.d4 b6 7.cxd5 exd5 8.Ne5 
Bb7 9.Nc3 Nbd7 10.Qa4 Nb8 11.Bf4 c6 12.Rac1 Bd6 13.Rfd1 Qe7 14.Bf3 h6 15.
e4 g5 16.exd5 cxd5 17.Be3 Ne4 18.Nb5 Kg7 19.Nxd6 Qxd6 20.Rc2 f6 21.Nd3 Nc6
22.Rdc1 Rac8 23.Bg2 Qe6 24.Re1 Qf5 25.Qa3 Qd7 26.b3 Rfe8 27.Rec1 Kg6 28.
Qa4 Qe6 29.Nb4 Nxb4 30.Qxb4 Rxc2 31.Rxc2 Rc8 32.Rxc8 Qxc8 33.Qe7 f5 34.Bf3
Nf6 35.h4 g4 36.Bxh6 Qd7 37.h5+ Kxh6 38.Qxf6+ Kxh5 39.Be2 Bc8 40.f4 1-0

[Event "34th WCh U20 Girls"]
[Site "Bhubaneswar IND"]
[Date "2016.08.14"]
[Round "7.3"]
[White "Bivol, Alina"]
[Black "Saduakasova, Dinara"]
[Result "1/2-1/2"]
[WhiteElo "2362"]
[BlackElo "2423"]
[EventDate "2016.08.08"]
[PlyCount "60"]

1.Nf3 e6 2.g3 b5 3.Bg2 Bb7 4.Na3 a6 5.b3 e5 6.O-O Bc5 7.c4 d6 8.Nc2 Nf6 9.
b4 Bb6 10.cxb5 axb5 11.d4 e4 12.Nh4 O-O 13.f3 c5 14.dxc5 dxc5 15.Qxd8 Rxd8
16.Be3 Nd5 17.Bxc5 Bxc5+ 18.bxc5 Nc3 19.fxe4 Na6 20.c6 Bxc6 21.Nf5 Bxe4 
22.Bxe4 Nxe4 23.Ncd4 b4 24.a3 bxa3 25.Ne7+ Kf8 26.Nec6 Re8 27.Rxa3 Nac5 
28.Rfa1 Rxa3 29.Rxa3 Ne6 30.Nxe6+ Rxe6 1/2-1/2

[Event "34th WCh U20 Girls"]
[Site "Bhubaneswar IND"]
[Date "2016.08.14"]
[Round "7.4"]
[White "Nandhidhaa, Venkatachalam"]
[Black "Tokhiryonova, Gulrukhbegim"]
[Result "1-0"]
[WhiteElo "2151"]
[BlackElo "2328"]
[EventDate "2016.08.08"]
[PlyCount "119"]

1.e4 e6 2.d4 d5 3.Bd3 Nc6 4.Nf3 Nb4 5.Nc3 Nf6 6.O-O Be7 7.Re1 Nxd3 8.cxd3 
O-O 9.Bg5 h6 10.Bf4 c6 11.Rc1 b6 12.e5 Nd7 13.Ne2 c5 14.Ng3 Kh7 15.h3 a5 
16.dxc5 bxc5 17.d4 c4 18.a3 Re8 19.Nh2 Nf8 20.Qf3 Kg8 21.Ng4 Bg5 22.Nh5 
Ng6 23.Bxg5 hxg5 24.Qe3 Rb8 25.Qd2 Bd7 26.g3 Rb3 27.Re3 Rb7 28.Rf3 Qe7 29.
Rf6 gxf6 30.Ngxf6+ Kh8 31.Qxg5 Qf8 32.Nxd7 Rxd7 33.Nf6 Kg7 34.Nxd7 Qh8 35.
h4 Qh6 36.Qf6+ Kg8 37.Rc3 Qg7 38.Qg5 Rc8 39.h5 Nf8 40.Nf6+ Kh8 41.Qxg7+ 
Kxg7 42.b3 Nh7 43.Nxh7 Kxh7 44.bxc4 dxc4 45.Kg2 a4 46.g4 Kh6 47.f3 Kg5 48.
Kg3 Rc7 49.f4+ Kh6 50.Kh4 Rc8 51.g5+ Kg7 52.Kg4 Rc7 53.f5 Rc6 54.f6+ Kh7 
55.Kf4 Rc8 56.Ke4 Rg8 57.Rg3 Rc8 58.g6+ fxg6 59.hxg6+ Kg8 60.Rc3 1-0

[Event "34th WCh U20 Girls"]
[Site "Bhubaneswar IND"]
[Date "2016.08.14"]
[Round "7.5"]
[White "Salonika, Saina"]
[Black "Pratyusha, Bodda"]
[Result "1-0"]
[WhiteElo "2131"]
[BlackElo "2329"]
[EventDate "2016.08.08"]
[PlyCount "49"]

1.e4 e5 2.Nf3 Nc6 3.Bb5 a6 4.Ba4 Nf6 5.d4 exd4 6.O-O Be7 7.e5 Ne4 8.Nxd4 
Nc5 9.Nf5 Ne6 10.f4 Bc5+ 11.Be3 O-O 12.Nc3 d6 13.exd6 cxd6 14.Bxc5 Nxc5 
15.Nxd6 Nxa4 16.Nxa4 Qa5 17.c4 b5 18.Qd5 Bd7 19.Nc3 Nb4 20.Qc5 Nd3 21.Qd4 
Nxb2 22.Nd5 Na4 23.Rf3 bxc4 24.Nf6+ Kh8 25.Nxd7 1-0

[Event "34th WCh U20 Girls"]
[Site "Bhubaneswar IND"]
[Date "2016.08.14"]
[Round "7.6"]
[White "Stiazhkina, Anna"]
[Black "Michelle Catherina"]
[Result "0-1"]
[WhiteElo "2315"]
[BlackElo "2205"]
[EventDate "2016.08.08"]
[PlyCount "98"]

1.e4 e5 2.Nf3 Nc6 3.Bb5 a6 4.Ba4 Nf6 5.d3 d6 6.c3 g6 7.Bg5 h6 8.Bh4 Bg7 9.
Nbd2 O-O 10.Nf1 Ne7 11.Ne3 c6 12.O-O Qc7 13.Re1 Nh5 14.d4 Nf4 15.Qd2 Be6 
16.Bg3 Nh5 17.Bc2 Nxg3 18.hxg3 Rad8 19.Rad1 Kh8 20.Qe2 a5 21.b3 Bc8 22.Nh4
Ng8 23.f4 exd4 24.cxd4 Rfe8 25.f5 g5 26.Nf3 Qb6 27.Nxg5 hxg5 28.Qh5+ Nh6 
29.Ng4 Bxf5 30.Nxh6 Bxd4+ 31.Kh1 Bg6 32.Qxg5 Qc5 33.Nf5 Be5 34.Bd3 Rd7 35.
Qh6+ Kg8 36.Bc4 d5 37.exd5 Bxf5 38.Qg5+ Kf8 39.Qxf5 Rd6 40.Re4 cxd5 41.Rh4
dxc4 42.Re1 b6 43.Rh7 Bg7 44.Rxe8+ Kxe8 45.Qe4+ Qe5 46.Qa8+ Rd8 47.Qc6+ 
Kf8 48.Qxc4 Qxg3 49.Qc1 Re8 0-1

[Event "34th WCh U20 Girls"]
[Site "Bhubaneswar IND"]
[Date "2016.08.14"]
[Round "7.7"]
[White "Buksa, Natalia"]
[Black "Ivanova, Karina"]
[Result "1-0"]
[WhiteElo "2261"]
[BlackElo "2129"]
[EventDate "2016.08.08"]
[PlyCount "71"]

1.e4 c6 2.d4 d5 3.e5 Bf5 4.Nf3 e6 5.Be2 Ne7 6.O-O h6 7.a4 c5 8.dxc5 Nec6 
9.Be3 Nd7 10.c4 dxc4 11.Na3 c3 12.bxc3 Bxc5 13.Nc4 O-O 14.Nd4 Be4 15.Bf4 
Nb6 16.Nxb6 Bxb6 17.Nb5 Qh4 18.Bg3 Qg5 19.Nd6 Rad8 20.Qc1 Qg6 21.Nxb7 Rd7 
22.Nd6 Rxd6 23.exd6 f5 24.Kh1 f4 25.f3 Be3 26.Qe1 fxg3 27.fxe4 Bf2 28.Qd1 
Qxe4 29.h3 Ne5 30.Rb1 a5 31.d7 Nxd7 32.Bf3 Qh4 33.Qxd7 Rxf3 34.Qxe6+ Kh7 
35.Rb8 Re3 36.Qf5+ 1-0

[Event "34th WCh U20 Girls"]
[Site "Bhubaneswar IND"]
[Date "2016.08.14"]
[Round "7.9"]
[White "Lasya, Goli"]
[Black "Injac, Teodora"]
[Result "0-1"]
[WhiteElo "2084"]
[BlackElo "2252"]
[EventDate "2016.08.08"]
[PlyCount "116"]

1.e4 e6 2.Qe2 c5 3.Nf3 Nc6 4.g3 d6 5.Bg2 Be7 6.c3 Nf6 7.O-O O-O 8.d4 cxd4 
9.cxd4 d5 10.e5 Ne4 11.Nbd2 Nxd2 12.Bxd2 Qb6 13.Be3 Bd7 14.Rfd1 Rac8 15.h4
Nb4 16.Bg5 Bxg5 17.hxg5 a5 18.Bf1 Rc2 19.Rd2 Rfc8 20.a3 Rxd2 21.Qxd2 Nc6 
22.Kg2 Ne7 23.Bd3 Bb5 24.Bc2 Qc7 25.Bd3 Bxd3 26.Qxd3 Qc4 27.Qd2 b6 28.b4 
a4 29.Rh1 Qc2 30.g6 Nxg6 31.Qg5 h6 32.Qg4 Qf5 33.Qxf5 exf5 34.Re1 Nf8 35.
Re3 Ne6 36.Kf1 Rc4 37.Rd3 g5 38.Ke2 Kf8 39.Nd2 Rc1 40.Nf1 f4 41.Nd2 h5 42.
Nf3 g4 43.Nh4 f3+ 44.Kd2 Rf1 45.Ke3 Re1+ 46.Kd2 Re2+ 47.Kd1 Ng5 48.Rd2 
Rxd2+ 49.Kxd2 Ne4+ 50.Ke1 Nc3 51.Nf5 Nb5 52.Ne3 Nxa3 53.Kd1 Nb5 54.Nxd5 
Nxd4 55.Nxb6 a3 56.Kc1 h4 57.Nd7+ Ke7 58.gxh4 g3 0-1

[Event "34th WCh U20 Girls"]
[Site "Bhubaneswar IND"]
[Date "2016.08.14"]
[Round "7.10"]
[White "Gu Tianlu"]
[Black "Chitlange, Sakshi"]
[Result "1-0"]
[WhiteElo "2239"]
[BlackElo "2014"]
[EventDate "2016.08.08"]
[PlyCount "147"]

1.d4 e6 2.Nf3 Nf6 3.e3 c5 4.c4 cxd4 5.exd4 d5 6.Nc3 Be7 7.Bd3 dxc4 8.Bxc4 
Nbd7 9.O-O Nb6 10.Bd3 O-O 11.Bf4 Nbd5 12.Be5 Bd7 13.Rc1 Bc6 14.Qe2 Rc8 15.
a3 Nxc3 16.Rxc3 Nd5 17.Rcc1 Bd6 18.Rfd1 g6 19.Qd2 f6 20.Bg3 Kg7 21.b4 Ne7 
22.Qe2 Bxg3 23.hxg3 Bd5 24.Qe3 Qd7 25.g4 h6 26.Nd2 Rxc1 27.Rxc1 Rc8 28.
Rxc8 Qxc8 29.Ne4 Bxe4 30.Qxe4 Qc1+ 31.Kh2 Qc7+ 32.g3 Qc6 33.Qe3 Nd5 34.Qe4
Ne7 35.Qe3 Nd5 36.b5 Qd7 37.Qe4 f5 38.Qe5+ Nf6 39.gxf5 gxf5 40.Bc4 Kg6 41.
Qxe6 Qxe6 42.Bxe6 Ne4 43.Kg2 Nd6 44.a4 b6 45.Kf3 Kg5 46.Ke3 Kf6 47.Bd5 Kg5
48.f3 Ne8 49.Bb3 Nd6 50.Bd5 Ne8 51.Bf7 Nd6 52.Bb3 Nb7 53.d5 Nd6 54.Bd1 f4+
55.gxf4+ Kf6 56.Bc2 Nc4+ 57.Kf2 Nd6 58.Kg3 Ne8 59.Kg4 Ng7 60.d6 Ne6 61.Be4
Nc5 62.Bc6 Ne6 63.d7 Nd8 64.Kh5 Kg7 65.Bd5 Kh7 66.f5 Kg7 67.f4 Kf6 68.Kxh6
Ke7 69.Kg7 Kxd7 70.f6 Kd6 71.Bb3 Kc5 72.f7 Nxf7 73.Bxf7 Kb4 74.f5 1-0

[Event "34th WCh U20 Girls"]
[Site "Bhubaneswar IND"]
[Date "2016.08.14"]
[Round "7.11"]
[White "Parnali, S. Dharia"]
[Black "Mahalakshmi, Muganda Kumar"]
[Result "0-1"]
[WhiteElo "2203"]
[BlackElo "2101"]
[EventDate "2016.08.08"]
[PlyCount "128"]

1.d4 Nf6 2.c4 e6 3.g3 d5 4.Nf3 g6 5.Bg2 Bg7 6.Qc2 O-O 7.O-O Na6 8.Bf4 b6 
9.Nc3 Bb7 10.Rfd1 dxc4 11.Qa4 Nd5 12.Qxc4 Nxf4 13.gxf4 Qc8 14.Rac1 c5 15.
Nb5 Qb8 16.Ne5 Bxg2 17.Kxg2 cxd4 18.Qxd4 Qb7+ 19.f3 Qe7 20.Kg3 Qb4 21.Qxb4
Nxb4 22.Rd7 Nd5 23.Nd3 a6 24.Nc7 Ra7 25.Nxd5 Rxd7 26.Nxb6 Rd4 27.b3 Rb8 
28.Rc6 a5 29.Nc4 Rd5 30.Ra6 Bc3 31.Rc6 Rdd8 32.Ra6 Ra8 33.Rb6 a4 34.b4 
Rdb8 35.a3 Rxb6 36.Nxb6 Ra6 37.Nd7 Bd4 38.N7c5 Bxc5 39.Nxc5 Rd6 40.Nd3 Rd4
41.Nc5 Rd2 42.Nxa4 Ra2 43.Nc5 Rxa3 44.Kf2 Kf8 45.Nd3 Ke7 46.h4 f6 47.Ke3 
Ra1 48.Kd4 Kd6 49.Nf2 f5 50.Nd3 Rh1 51.b5 Rxh4 52.e4 fxe4 53.fxe4 h5 54.
e5+ Kc7 55.Kc5 Rh1 56.b6+ Kb7 57.Nf2 Rf1 58.Nh3 Rd1 59.Ng5 h4 60.Nxe6 h3 
61.Kb5 h2 62.Nc5+ Kb8 63.b7 h1=Q 64.Kb6 Rb1+ 0-1

[Event "34th WCh U20 Girls"]
[Site "Bhubaneswar IND"]
[Date "2016.08.14"]
[Round "7.12"]
[White "Alinasab, Mobina"]
[Black "Soyunlu, Narmin"]
[Result "1-0"]
[WhiteElo "2199"]
[BlackElo "2074"]
[EventDate "2016.08.08"]
[PlyCount "79"]

1.e4 e6 2.d4 d5 3.Nd2 Nc6 4.Ngf3 Nf6 5.e5 Nd7 6.b3 f6 7.Bb2 Be7 8.a3 O-O 
9.g3 Qe8 10.Bh3 Nd8 11.O-O c5 12.dxc5 fxe5 13.Nxe5 Nxe5 14.Bxe5 Nc6 15.Bd6
Bxd6 16.cxd6 Qd8 17.b4 Qxd6 18.Ne4 Qe7 19.Nc5 b6 20.Nb3 Qf6 21.f4 Ba6 22.
Re1 Rae8 23.c3 Bb7 24.b5 Nd8 25.Qd4 Qh6 26.Bg2 Nf7 27.a4 Nd6 28.Nd2 Rc8 
29.Qe5 Nf5 30.c4 Rfd8 31.Qxe6+ Qxe6 32.Rxe6 Kf7 33.Re5 g6 34.cxd5 Rc2 35.
Rd1 Ra2 36.Nf3 h6 37.g4 Nd6 38.Re6 Bxd5 39.Ne5+ Kxe6 40.Bxd5+ 1-0

[Event "34th WCh U20 Girls"]
[Site "Bhubaneswar IND"]
[Date "2016.08.14"]
[Round "7.13"]
[White "Monnisha, Gajendra Babu Kannaiyan"]
[Black "Blagojevic, Tijana"]
[Result "0-1"]
[WhiteElo "2101"]
[BlackElo "2267"]
[EventDate "2016.08.08"]
[PlyCount "94"]

1.e4 e5 2.Nf3 Nc6 3.Bb5 Nf6 4.d3 Bc5 5.c3 O-O 6.O-O Re8 7.Bg5 h6 8.Bh4 Be7
9.Bxc6 dxc6 10.Qc2 Nh5 11.Bg3 Bf6 12.Nbd2 c5 13.Nc4 Bg4 14.Qe2 Nf4 15.Bxf4
exf4 16.Rad1 Qe7 17.Rfe1 Rad8 18.e5 b5 19.Na5 Rd5 20.d4 cxd4 21.cxd4 Qd7 
22.Nb3 Be7 23.a3 b4 24.h3 Be6 25.a4 Qxa4 26.Nfd2 c5 27.Ra1 Qd7 28.dxc5 
Bxc5 29.Nxc5 Rxc5 30.Nf3 b3 31.Rec1 Rec8 32.Rxc5 Rxc5 33.Qe4 Rc4 34.Qa8+ 
Kh7 35.Kh2 Bd5 36.Qb8 Bxf3 37.gxf3 Qd4 38.Kg2 Rc2 39.Rf1 Rxb2 40.Qb5 Qb6 
41.Qd5 Qg6+ 42.Kh1 Rb1 43.Rxb1 Qxb1+ 44.Kh2 b2 45.Qb3 a5 46.h4 a4 47.Qc3 
a3 0-1

[Event "34th WCh U20 Girls"]
[Site "Bhubaneswar IND"]
[Date "2016.08.14"]
[Round "7.14"]
[White "Visanescu, Daria-Ioana"]
[Black "Eswaran, Ashritha"]
[Result "1/2-1/2"]
[WhiteElo "2067"]
[BlackElo "2226"]
[EventDate "2016.08.08"]
[PlyCount "120"]

1.e4 c5 2.c3 d5 3.exd5 Qxd5 4.d4 g6 5.Nf3 Bg7 6.Na3 cxd4 7.Bc4 Qe4+ 8.Be3 
Nh6 9.cxd4 O-O 10.h3 Nf5 11.Nc2 Nc6 12.O-O Nxe3 13.fxe3 Bf5 14.Nfe1 Qh4 
15.Kh2 e5 16.Nf3 Qe4 17.Rc1 exd4 18.Ncxd4 Nxd4 19.exd4 Qf4+ 20.Kh1 Rad8 
21.Qb3 Be4 22.Rce1 Bxf3 23.Rxf3 Qc7 24.Ref1 Rd7 25.d5 Qd6 26.Qa3 Qb6 27.b3
Rd6 28.Qc1 Qa5 29.a4 a6 30.Qe1 Qc7 31.Qe2 Bd4 32.Qe4 Ba7 33.h4 Bb8 34.Rh3 
Qd7 35.a5 Re8 36.Qd4 f5 37.h5 Re4 38.Qd2 Ba7 39.hxg6 hxg6 40.Qg5 Qe7 41.
Qg3 Rg4 42.Re1 Re4 43.Rxe4 Qxe4 44.Bd3 Qd4 45.Qe1 Kf8 46.Rh7 Rd7 47.Rh4 
Re7 48.Qxe7+ Kxe7 49.Rxd4 Bxd4 50.g4 fxg4 51.Bxg6 Kf6 52.Bh5 Kf5 53.Bf7 
Ke4 54.Kg2 Be5 55.Be6 Kd4 56.Bc8 Kxd5 57.Bxb7+ Kc5 58.Bxa6 Kb4 59.Bc8 Kxa5
60.Bxg4 Kb4 1/2-1/2

[Event "34th WCh U20 Girls"]
[Site "Bhubaneswar IND"]
[Date "2016.08.14"]
[Round "7.17"]
[White "Leonardi, Caterina"]
[Black "Harshita, Guddanti"]
[Result "0-1"]
[WhiteElo "2061"]
[BlackElo "2180"]
[EventDate "2016.08.08"]
[PlyCount "105"]

1.d4 Nf6 2.c4 e6 3.g3 d5 4.Nf3 dxc4 5.Bg2 Bb4+ 6.Bd2 c5 7.dxc5 Bxc5 8.Qa4+
Bd7 9.Qxc4 Qb6 10.e3 Bb5 11.Qc2 Nc6 12.a3 Rd8 13.Bf1 Be7 14.Nc3 Bxf1 15.
Kxf1 O-O 16.Kg2 Rc8 17.b4 Rfd8 18.Rhd1 Nd7 19.Na4 Qb5 20.Nc3 Qh5 21.h3 
Nde5 22.Nxe5 Nxe5 23.Qe4 Nc6 24.g4 Qg6 25.Qxg6 hxg6 26.f4 Bf6 27.Rac1 Rd3 
28.g5 Rcd8 29.gxf6 Rxd2+ 30.Rxd2 Rxd2+ 31.Kf3 gxf6 32.Ne4 Rd3 33.Nxf6+ Kg7
34.b5 Kxf6 35.bxc6 bxc6 36.a4 Ra3 37.Rxc6 Rxa4 38.h4 Ra1 39.Rc7 a5 40.Ra7 
a4 41.Ke4 a3 42.Ra5 a2 43.Ra7 Kg7 44.Ra8 f6 45.Ra7+ Kh6 46.Ra8 e5 47.h5 
exf4 48.hxg6 Kxg6 49.Rg8+ Kf7 50.Rg2 fxe3 51.Re2 f5+ 52.Kxe3 Kf6 53.Kd4 
0-1

[Event "34th WCh U20 Girls"]
[Site "Bhubaneswar IND"]
[Date "2016.08.14"]
[Round "7.16"]
[White "Varshini, Velavan"]
[Black "Yanjinlkham, Bayarsaikhan"]
[Result "1-0"]
[WhiteElo "2129"]
[BlackElo "1990"]
[EventDate "2016.08.08"]
[PlyCount "117"]

1.e4 c5 2.Nc3 d6 3.Nge2 e5 4.g3 Nc6 5.Bg2 Nge7 6.d3 g6 7.Be3 Bg7 8.O-O O-O
9.f4 Nd4 10.Qd2 Nxe2+ 11.Qxe2 Be6 12.fxe5 Bxe5 13.Bh6 Re8 14.Nd1 Qd7 15.c3
Nc6 16.Ne3 b5 17.Qd2 Rac8 18.Rf2 b4 19.Nc2 bxc3 20.bxc3 d5 21.d4 Bh8 22.e5
Na5 23.Ne3 cxd4 24.cxd4 Nc4 25.Nxc4 Rxc4 26.Bf1 Rc7 27.Bd3 Bg7 28.Raf1 Qa4
29.Bxg7 Kxg7 30.Qf4 Qa3 31.Bc2 Qe7 32.h4 h5 33.Kh2 Rec8 34.Bd1 Rc3 35.Qd2 
Qa3 36.Qg5 R8c7 37.Bxh5 Rxg3 38.Qxg3 Qxg3+ 39.Kxg3 gxh5 40.Kf4 Rc4 41.Rd2 
Bg4 42.Kg5 Rc3 43.Rdf2 Be6 44.Rf3 Rc2 45.R1f2 Rc1 46.Rg2 Bg4 47.Rf6 Rd1 
48.Rgf2 Be6 49.R2f4 Ra1 50.Kxh5 Rxa2 51.Rf2 Ra1 52.Rg2+ Kf8 53.Kh6 Rh1 54.
Rf4 a5 55.Ra2 Rg1 56.h5 Rg8 57.Rxa5 Rh8+ 58.Kg5 Rg8+ 59.Kf6 1-0

[Event "34th WCh U20 Girls"]
[Site "Bhubaneswar IND"]
[Date "2016.08.14"]
[Round "7.17"]
[White "Du Yuxin"]
[Black "Srija, Seshadri"]
[Result "0-1"]
[WhiteElo "1957"]
[BlackElo "2102"]
[EventDate "2016.08.08"]
[PlyCount "62"]

1.e4 e5 2.Nf3 Nc6 3.Bb5 a6 4.Ba4 Nf6 5.d3 b5 6.Bb3 Bc5 7.O-O d6 8.c3 h6 9.
a4 Rb8 10.axb5 axb5 11.Re1 O-O 12.Nbd2 Bb6 13.Nf1 Ne7 14.Be3 c5 15.Nh4 d5 
16.Qf3 c4 17.Bxb6 Rxb6 18.Bc2 cxd3 19.Bxd3 g5 20.Qg3 Nh5 21.Qxe5 Nf4 22.
Qd4 gxh4 23.Bc2 Nc6 24.Qe3 Qg5 25.g3 Nh3+ 26.Kg2 hxg3 27.fxg3 d4 28.Qxg5+ 
Nxg5 29.Rad1 Bh3+ 30.Kf2 Ne5 31.cxd4 Rf6+ 0-1